LEADER 00614nam a2200181 i 4500 001 000000051199 003 CaOOAMICUS 005 20100329000000.0 008 100329s1934 xx u000 u lat u 013 $a22371 040 $aSeMil$bita 245 10$a1. 300 $aX, 649 p. 650 4$aTeologia morale.$0(OLS)http://semarc/subject/91 773 0 $aTummolo, Raffaele $tCompendium theologiae moralis.$b5 ed.$dNeapoli : D'Auria, 1934.$g1$w()14940 850 $aSeMil 852 $aSeMil$W1$xVenegono$y1$m2F III 58$j17354$B17354$CSeMilBibl$Z2$F17355 $81 996 $6245$a1$9(OLS)http://semarc/title/6508 LEADER 01200nam a2200193 i 4500 001 000000241329 003 CaOOAMICUS 005 20150428000000.0 008 150428s1662 it u000 u lat u 013 $a220234 026 $a4.i. ised n.u- scvo (3) 1662 (R) 040 $aSeMil$bita 245 10$aBibliotheca Patrum concionatoria, a vigilia et festo Sancti Andreae apostoli, ad festum Sancti Barnabae. Opera et studio F. Francisci Combefis ... Tomus 6. 300 $a[8], 632 [i.e. 640] p. 500 $aSegn. : a4 A-3F6 3G8. - Omesse nella num. le p. 321-328. 773 0 $tBibliotheca Patrum concionatoria, hoc est anni totius Evangelia. Festa dominica; Sanctissimae Deiparae, illustriorumque sanctorum solennia ... Opera et studio F. Francisci Combefis ... Omnia octo voluminibus comprehensa.$dParisiis : Sumptibus Antonii Bertier, viā Iacobaeā, sub signo Fortunae, 1662.$g6$w()31810 850 $aSeMil 852 $aSeMil$W1$xVenegono$y1$m3D VI 85 FA$j191675$B191675$CSeMilBibl$Z2$F202475 $8I 996 $6245$aBibliotheca Patrum concionatoria, a vigilia et festo Sancti Andreae apostoli, ad festum Sancti Barnabae. Opera et studio F. Francisci Combefis ... Tomus 6$9(OLS)http://semarc/title/343022